Ocean Layers - Statistics

General Stats
  • This quiz has been taken 4 times
  • The average score is 5 of 12
Answer Stats
Hint Answer % Correct
WRITE "BONUS" IN THE ANSWER BOX! BONUS
100%
AbyssalZone Abyssopelagic
67%
MidnightZone Bathypelagic
67%
SunlightZone Epipelagic
67%
TwilightZone Mesopelagic
67%
(It's an Ocean division) Continental Rise
33%
(It's an Ocean division) Continental Shelf
33%
(It's an Ocean division) Continental Slope
33%
Trenches Hadalpelagic
33%
(It's an Ocean division) Abyssal Plain
0%
(It's an Ocean division) Trenches
0%
(It's an Ocean division) Undersea mountain ranges
0%
No matching quizzes found
Score Distribution
Percent of People with Each Score
Percentile by Number Answered
Your Score History
You have not taken this quiz